000 00399nam a2200157Ia 4500
003 GCL
008 140319s9999 xx 000 0 eng d
040 _aGCL /
_cGCL
082 0 4 _aREV
_b912
_bH H
100 1 _aC, ALBERT, H.
245 1 0 _aHAMOND: WORLD ATLAS /
_cC, ALBERT, H.
260 _a[S.N] :
_bMACMILLAN PUBLISHING COMPANY ،
_c1992
300 _a192 P
650 0 4 _aATLAS
942 _2ddc
_cBK
999 _c17456
_d17456